000 00484nam a22001817a 4500
003 OSt
005 20140310181721.0
008 130306t xxu||||| |||| 00| 0 eng d
020 _a9780631206781
050 _aBF 121
_b.H49 2005
082 _aIB 150
_bH49 2005
100 _aHewstone, Miles.
245 _aPsychology /
_cMiles Hewstone.
260 _aMalden, MA:
_bBlackwell Pub,
_cc2005.
300 _c28 cm.
_axiv, 561 p. :
_bill. some col. ;
942 _2lcc
_cBK
999 _c1986
_d1986